Sports Quiz

Random Sports or Baseball Quiz

Traded Baseball Players Quiz Stats

Quiz not verified by Sporcle

Challenge
Share
Tweet
Embed
Score 0/30 Timer 10:00
0 Plays Today
Traded For % Correct
Alex Rodriguez, Brad WilkersonAlfonso Soriano
61.9%
Danys Baez, Matt Joyce, Max ScherzerEdwin Jackson
54.8%
Placido Polanco, Troy Glaus, Edwin EncarnacionScott Rolen
43.1%
Johan Santana, J.J. HardyCarlos Gomez
39.6%
Neftali Feliz, Casey KotchmanMark Teixeira
37.7%
Lou Collier, Steve Reed, Brian Giles, Manny RamirezJason Bay
36.3%
Scott Podsednik, Francisco CorderoCarlos Lee
34.8%
Matt Clement, Cameron MaybinDontrelle Willis
32.7%
Paul Konerko, Ken Griffey, Xavier NadyMike Cameron
30.8%
Jim Thome, Freddy Garcia, Nick SwisherGio Gonzalez
26.7%
Zach Day, Franklin Gutierrez, Andre Ethier, Andrew Brown, Carlos SilvaMilton Bradley
21.7%
Mitch Williams, Darren Bragg, Andy BaldwinJamie Moyer
19.6%
Kevin Stocker, C.J. HenryBobby Abreu
18.1%
Pedro Martinez, Cliff Floyd, Yohan PinoCarl Pavano
16.3%
Ben Zobrist, Brett JacobsonAubrey Huff
15.8%
Traded For % Correct
Edgar Renteria, Coco CrispAndy Marte
13.7%
Richie Sexson, Dave BushLyle Overbay
12.9%
Erik Bedard, Josh BellGeorge Sherrill
12.1%
Joe Oliver, Aaron Harang, Maicer IzturisJose Guillen
11.7%
Charles Johnson, Ricky NolascoJuan Pierre
10.4%
Jason Grilli, Matt Blank, Matt ChicoLivan Hernandez
10.2%
Randy Johnson, Shawn Green, Toby HallDioner Navarro
8.1%
Derek Bell, Carlos Beltran, Kyle DaviesOctavio Dotel
6.9%
Matt Karchner, Orlando Cabrera, Tony AbreuJon Garland
6.3%
Rick Aguilera, Zach Ward, Matt MaloneyKyle Lohse
6.2%
Miguel Cairo, Billy Koch, Casey EricksonEric Hinske
4.6%
Luke Prokopec, Greg MadduxCesar Izturis
4.4%
Curt Schilling, Richie Sexson, Tony GraffaninoJorge de la Rosa
3.1%
Jon Rauch, Josh WillinghamEmilio Bonifacio
2.9%
Royce Clayton, Carl EverettDarren Oliver
2.3%

You're not logged in!

Compare scores with friends on all Sporcle quizzes.
Join for Free
OR
Log In

You Might Also Like...

Show Comments

Extras

Top Quizzes Today


Score Distribution

Your Account Isn't Verified!

In order to create a playlist on Sporcle, you need to verify the email address you used during registration. Go to your Sporcle Settings to finish the process.

Report this User

Report this user for behavior that violates our Community Guidelines.

Details: